| 000 | 00000nam##2200000za#4500 |
| 001 | 9.578352 |
| 003 | CaOODSP |
| 005 | 20210624190040 |
| 007 | cr ||||||||||| |
| 008 | 150406|1986||||xxc|||||o f|0| 0 eng|d |
| 022 | |a1488-5379 |
| 040 | |aCaOODSP|beng |
| 043 | |an-cn--- |
| 086 | 1 |aFs97-6/1476E-PDF |
| 110 | 1 |aCanada. |bDepartment of Fisheries and Oceans. |
| 245 | 10|aCondition and growth of white suckers Catostomus commersoni in Lake 302, a double-basin acidified lake in the Experimental Lakes Area / |h[electronic resource]|cby S.M. Chalanchuk. |
| 260 | |aWinnipeg - Manitoba : |bFisheries and Oceans Canada |c1986. |
| 300 | |a19p.|breferences, table |
| 490 | 1 |aCanadian technical report of fisheries and aquatic sciences|x1488-5379|vNo. 1476 |
| 546 | |a(Résumé en français) |
| 590 | |a14-02-Supp|b2014-01-08 |
| 720 | 1 |aChalanchuk, S. M. |
| 830 | #0|aCanadian technical report of fisheries and aquatic sciences,|x1488-5379|vNo. 1476|w(CaOODSP)9.504449 |
| 856 | 40|ahttp://publications.gc.ca|qPDF|s1681 KB|uhttps://publications.gc.ca/collections/collection_2013/mpo-dfo/Fs97-6-1476-eng.pdf|yNo. 1476 |